000
00391nam a22001697a 4500
003
MPLRDC
005
20220104124853.0
008
210129b ||||| |||| 00| 0 eng d
082
_a
868.71 CZM
100
_a
陈钟铭编
245
_a
青青子衿
_c
250
_a
第一版
260
_a
_b
文采出版社
_c
1989
300
_b
平
650
_a
马华文学
942
_c
BK
_o
868.71 CZM
999
_c
22824
_d
22814